Welcome to Marium Abdulla Library

Embrace knowledge with a breath of fresh air.

Browse Collection

Marium Abdulla Library

Standard format for architectural working drawings / (Record no. 72)

MARC details
000 -LEADER
fixed length control field 02529cam a22003737i 4500
001 - CONTROL NUMBER
control field 91
003 - CONTROL NUMBER IDENTIFIER
control field OSt
005 - DATE AND TIME OF LATEST TRANSACTION
control field 20250922160206.0
008 - FIXED-LENGTH DATA ELEMENTS--GENERAL INFORMATION
fixed length control field 190116s1967 ilua 000 0 eng d
010 ## - LIBRARY OF CONGRESS CONTROL NUMBER
LC control number 2018419488
035 ## - SYSTEM CONTROL NUMBER
System control number 20811609
035 ## - SYSTEM CONTROL NUMBER
System control number (OCoLC)8428844
040 ## - CATALOGING SOURCE
Original cataloging agency IDB
Language of cataloging eng
Description conventions rda
Transcribing agency IDB
Modifying agency OCLCQ
-- OCLCF
-- OCLCO
-- OCLCQ
-- DLC
042 ## - AUTHENTICATION CODE
Authentication code lccopycat
050 00 - LIBRARY OF CONGRESS CALL NUMBER
Classification number T355
Item number .O35 1967
082 ## - DEWEY DECIMAL CLASSIFICATION NUMBER
Edition information 23
Classification number 720.284 OCO
Item number 91
100 1# - MAIN ENTRY--PERSONAL NAME
Personal name O'Connell, William J.,
Relator term author.
245 10 - TITLE STATEMENT
Title Standard format for architectural working drawings /
Statement of responsibility, etc. William J. O'Connell, Associate Professor of Architecture, University of Illinois, Urbana, Illinois.
246 3# - VARYING FORM OF TITLE
Title proper/short title Architectural working drawings
250 ## - EDITION STATEMENT
Edition statement Revised 1967 edition.
264 #1 - PRODUCTION, PUBLICATION, DISTRIBUTION, MANUFACTURE, AND COPYRIGHT NOTICE
Place of production, publication, distribution, manufacture Champaign, Illinois :
Name of producer, publisher, distributor, manufacturer Stipes Publishing Company,
Date of production, publication, distribution, manufacture, or copyright notice 1967.
300 ## - PHYSICAL DESCRIPTION
Extent v, 60 pages :
Other physical details illustrations ;
Dimensions 28 cm
336 ## - CONTENT TYPE
Content type term text
Content type code txt
Source rdacontent
337 ## - MEDIA TYPE
Media type term unmediated
Media type code n
Source rdamedia
338 ## - CARRIER TYPE
Carrier type term volume
Carrier type code nc
Source rdacarrier
520 ## - SUMMARY, ETC.
Summary, etc. "Standard format for architectural working drawings" by William J. O'Connell is a technical handbook designed to establish and promote a standardized system for creating architectural drawings. Published in 1968, the book was a crucial resource during a period when the industry was seeking to improve communication and efficiency on construction projects. O'Connell, an Associate Professor of Architecture at the University of Illinois, Urbana, draws on his academic and professional experience to provide a clear, methodical guide.<br/><br/>The book's central theme is the importance of uniformity and clarity in architectural documentation. It provides a detailed framework for organizing an entire set of working drawings, from cover sheets and indexes to floor plans, sections, and elevations. It also offers guidance on the correct use of line weights, scales, symbols, and annotations to ensure that every drawing is unambiguous and easy to interpret by builders, engineers, and contractors. The book's principles, while rooted in the practices of manual drafting, laid the groundwork for the standards that would later be adopted in the digital age. It is a foundational text on the professional practice of architectural documentation.<br/><br/>
650 #0 - SUBJECT ADDED ENTRY--TOPICAL TERM
Topical term or geographic name entry element Architectural drawing.
650 #0 - SUBJECT ADDED ENTRY--TOPICAL TERM
Topical term or geographic name entry element Construction -- Documentation
650 #0 - SUBJECT ADDED ENTRY--TOPICAL TERM
Topical term or geographic name entry element Structural drawing.
650 #0 - SUBJECT ADDED ENTRY--TOPICAL TERM
Topical term or geographic name entry element Engineering drawings.
906 ## - LOCAL DATA ELEMENT F, LDF (RLIN)
a 7
b cbc
c copycat
d 2
e ncip
f 20
g y-gencatlg
942 ## - ADDED ENTRY ELEMENTS (KOHA)
Source of classification or shelving scheme Dewey Decimal Classification
Koha item type Book
Suppress in OPAC No
Holdings
Date last seen Total checkouts Full call number Barcode Price effective from Koha item type Lost status Source of classification or shelving scheme Damaged status Not for loan Collection Withdrawn status Home library Current library Shelving location Date acquired Source of acquisition Cost, normal purchase price
10/26/2021   720.284 OCO 91 10/26/2021 Book   Dewey Decimal Classification     Architecture   Marium Abdulla Library Marium Abdulla Library Non-Ref 01/25/2008 Abdullah 2000.00